01436nam a22001697a 450000500170000000800410001704000220005808200180008010000170009811000300011524500230014526000470016830000340021550508070024965001780105670000320123420220624181533.0220624b |||||||| |||| 00| 0 eng d cBiblioteca Lado V a700.103bK17k aKaqjay Moloj aLamoyi, Carla (edición) aKaqjay (2006- ///) aCiudad de MéxicobFIEBRE Edicionesc2018 a190 p.bil. (col)c21 x 15 cm tKaqjay Moloj: el museo como idearFIEBRE EdicionestRi qatzij, ri qak´aslem pa qatinamit La historia de Patzicía: Pensar el pasado y el presente desde la comunidad rKaqjay MolojtEl archivo histórico municipal de PatzicíatAj ru solonel, aj ru kemonel ri ojer tzij, ri k`aslemrEddy TocóntObjeto antigüo: diversas narrativas sobre el pasado de Cerrito Asunción y KaqjayrComunidad Kaqchikel de investigacióntEl colectivo Kaqjay Moloj: la construcción local de la memoria y el imaginario del futurorBeatriz CorteztVida y memoria de Patzicía (índice fotográfico)tMuseo Comunitario de Kaqjay: conociendo desde la comunidad y nuevas formas de colaboración rDouglas Carranza MenatBibliografía de la memoriatAgradecimientostColaboradorestVíctimas del conflicto armado  xarte contemporáneo xarte - efectos sociales - políticaxarte - efectos sociales - violencia xarte - efectos sociales - Latinoamérica - 1980 xarte - Latinoamérica  aMedina, Antonio (edición)